000 01050cam a2200181ua 4500
020 _c5.00
041 _aeng
_h
082 _a721.013
_bIND/RE
110 1 _aIndian standards institution .
_bISI
_c()
245 0 0 _aRecommendation for co-ordination of dimensions in buildings-arrangements of building components and assemblies /
_cIndian standards institution.
_hTextual Documents
250 _a1 /
_b.
260 _aNew Delhi :
_bIndian standards institution ,
_c1975.
300 _a9 ; .
365 _a5.00
504 _a
942 _cBK
999 _c11014
_d11014